LEADER 00824nam a2200205 i 4500 001 000000253902 003 CaOOAMICUS 005 20170419000000.0 008 170419s1878 it u000 u ita u 013 $a232807 040 $aSeMil$bita 100 1 $aGuerzoni, Giuseppe <1835-1896>.$0(OLS)http://semarc/name/75009 245 13$aIl primo Rinascimento :$bsaggio /$cdi Giuseppe Guerzoni. 260 $aVerona ; Padova :$bDrucker & Tedeschi,$c1878. 300 $aVIII, 219 p. ;$c22 cm. 650 4$aRinascimento.$0(OLS)http://semarc/subject/1225 850 $aSeMil 852 $aSeMil$W1$xVenegono$y1$m1M IV 4 FA$j204248$B204248$CSeMilBibl$Z2$F217677 $8I 996 $6245$aIl primo Rinascimento :$bsaggio$9(OLS)http://semarc/title/410769 996 $6260$aVerona ; Padova :$bDrucker & Tedeschi$9(OLS)http://semarc/publisher/57517 LEADER 01079nam a2200277 i 4500 001 000000106457 003 CaOOAMICUS 005 20030619000000.0 008 030619s1999 fr u000 u fre u 013 $a78651 020 $a2-7082-3425-0 040 $aSeMil$bita 100 1 $aAudinet, Jacques.$0(OLS)http://semarc/name/19889 245 13$aLe temps, du métissage /$cJacques Audinet. 246 04$iTitolo in copertina:$aLe temps du métissage 260 $aParis :$bAtelier,$c1999. 300 $a156 p. ;$c22 cm. 650 4$aMeticci.$0(OLS)http://semarc/subject/18156 650 4$aMulticulturalismo.$0(OLS)http://semarc/subject/8014 850 $aSeMil 852 $aSeMil$W1$xVenegono$y1$m3N III 74$j62592$B62592$CSeMilBibl$Z2$F84528 $81 961 $aOmaggio: Bressan don Luca 996 $6020$a2-7082-3425-0$9(OLS)http://semarc/number/87124 996 $6245$aLe temps, du métissage$9(OLS)http://semarc/title/154393 996 $6246$aLe temps du métissage$9(OLS)http://semarc/title/150289 996 $6260$aParis :$bAtelier$9(OLS)http://semarc/publisher/31968